000 00325nam a2200145Ia 4500
008 230718s9999 xx 000 0 und d
041 _aEng.
082 _a301
_bMYN-S
100 _aMyneni, Dr. S.R
245 0 _aSocialogy
260 _aPakistan
_bAllahbad law agency
_c2016
300 _a656
650 _aLaw
999 _c31343
_d31343